Πώς να ξεκινήσετε τη δική σας επιχείρηση / Τόμος 1 (Record no. 3059)
[ view plain ]
| 000 -LEADER | |
|---|---|
| fixed length control field | 01488cam a22001934a 4500 |
| 005 - ΗΜΕΡΟΜΗΝΙΑ ΚΑΙ ΩΡΑ ΤΕΛΕΥΤΑΙΑΣ ΕΝΗΜΕΡΩΣΗΣ | |
| Πεδίο ελέγχου | 20250605164104.0 |
| 008 - FIXED-LENGTH DATA ELEMENTS--GENERAL INFORMATION | |
| Πεδίο ελέγχου σταθερού μήκους | 250528s ||||||||||||||||||||||||d |
| 035 ## - SYSTEM CONTROL NUMBER | |
| System control number | 17657 |
| 020 ## - ISBN | |
| ISBN | 9789605464936 |
| 040 ## - ΠΗΓΗ ΚΑΤΑΛΟΓΟΓΡΑΦΗΣΗΣ | |
| Φορέας πρωτότυπης καταλογογράφησης | MC Athens Campus Library |
| Γλώσσα καταλογογράφησης | Ελληνικά, Μοντέρνα (1453-) |
| Modifying agency | MC Athens Campus Library |
| Κανόνες περιγραφικής καταλογογράφησης | AACR2 |
| 245 1# - ΤΙΤΛΟΣ ΚΑΙ ΔΗΛΩΣΗ ΥΠΕΥΘΥΝΟΤΗΤΑΣ | |
| Τίτλος | Πώς να ξεκινήσετε τη δική σας επιχείρηση / Τόμος 1 |
| 260 ## - PUBLICATION, DISTRIBUTION, ETC. | |
| Name of publisher, distributor, etc. | Πεδίο, |
| Date of publication, distribution, etc. | 2015 |
| 300 ## - PHYSICAL DESCRIPTION | |
| Extent | 256 |
| 520 ## - SUMMARY, ETC. | |
| Summary, etc. | Το παρόν βιβλίο φωτίζει κάθε σημαντική πτυχή της έναρξης και της λειτουργίας μιας επιχείρησης, όπως η ανάπτυξη της ιδέας σας, η εξασφάλιση χρηματικών πόρων, η οικοδόμηση σχέσεων με τους πελάτες, η διεύρυνση της διαδικτυακής παρουσίας σας, και πολλά άλλα. Περαιτέρω Πληροφορίες για τους Αγγλομαθείς, Εσείς και οι Ιδέες σας, Ποιός θα Αγοράσει;, Coaching για Επιχειρηματίες, Είστε Σίγουρος;, Το Επιχειρηματικό Σχέδιο, Η Διαδικασία Βήμα Βήμα, Επιχειρηματική Εμπλοκή Part-Time, Franchise (Δικαιόχρηση), Η Κατάλληλη Ονομασία, Μεταδίδοντας το Μήνυμα. |
| 700 1# - ΠΡΟΣΘΕΤΗ ΑΝΑΓΡΑΦΗ--ΦΥΣΙΚΟ ΠΡΟΣΩΠΟ | |
| Personal name | Williams Sara |
| 9 (RLIN) | 3846 |
| 942 ## - ADDED ENTRY ELEMENTS (KOHA) | |
| Koha item type | Books |
| Τύπος τεκμηρίου | Βιβλιοθήκη | Τρέχουσα τοποθεσία | Barcode | Αριθμός εισαγωγής | Ημερομηνία απόκτησης | Ταξιθετικό σύμβολο | Αριθμός αντιτύπου | Κατάσταση απόσυρσης | Κατάσταση χαμένου | Κατάσταση κατεστραμμένου | Μη δανεισμός | Σύνολο δανεισμών | Ημερομηνία τελευταίας εμφάνισης | Η τιμή ισχύει από |
|---|---|---|---|---|---|---|---|---|---|---|---|---|---|---|
| Books | MC Athens Campus Library | MC Athens Campus Library | 9780000030580 | 6002 | 05/06/2025 | 658.110941 WIL V.1 | 1 | 05/06/2025 | 05/06/2025 |